000 00916nam a2200253Ia 4500
003 OSt
005 20220923222246.0
006 a|||||r|||| 00| 0
007 ta
008 220922b |||||||| |||| 00| 0 guj d
024 _a204,064
037 _cTextual
040 _aARTS
_cARTS
_bguj
041 _2guj
_aguj
082 _aO156,2M87,BP, 152H8;L3
100 _aमुंशी, कन्हैयालाल माणिकलाल
_9166462
245 0 _aभगवान परशुराम
246 _aBhagavān parashurāma
260 _aदिल्ली
_b राजकमल प्रका0
_c1973
490 _aआयावत् की महागाथा
650 _aगुजराती साहित्य
942 _hO156,2M87,BP, 152H8;L3
_cTEXL
_2CC
999 _c354813
_d354813